000 00678nam a2200241 4500
001 46301
010 _a9789898032201
021 _b264894/07
090 _a46301
100 _a20080507d2007 m y0pory5003 ba
101 1 _apor
102 _aPT
200 1 _aLevado pelo mar
_fNora Roberts
_gtrad. Carla Ferraz
_grev. Idalina Morgado
210 _aParede
_cChá das cinco
_d2007
215 _a285, [3] p.
_d23 cm
225 2 _aLiteratura romântica
_iA Saga da Baía de Chesapeake
304 _aTít. orig.: Sea Swept
675 _a821.111(73)-31
700 1 _aRoberts
_bNora
702 1 _aFerraz
_bCarla
_4730
702 1 _aMorgado
_bIdalina
_4675
801 0 _aPT
_bCMELV
_gRPC
990 _cLIVROS